000 00653nam a22002057a 4500
005 20251125155502.0
008 230627b ||||| |||| 00| 0 eng d
040 _cAL
041 _aKannada
082 _223
_a398.2K
_bSHRJ
100 _aSrikrishna Bhat Arthikaje
_9246811
100 _9124970
_dಶ್ರೀಕೃಷ್ಣ ಭಟ್ ಅರ್ಥಿಕಜೆ
245 _aJanapada Jeevana
_bಜಾನಪದ ಜೀವನ
260 _aPuttur
_bKannada Sangha St.Philomena College
_c1981
300 _a81 p.
_bPB
_c21x14 cm.
365 _d₹6.00
650 _aFolk songs
_9124971
700 _aSRIKRISHNA BHAT ARTHIKAJE
_9124972
942 _2ddc
_cBK
999 _c227694
_d227694